|
|
|
|
| LEADER |
00000nab a2200000 a 4500 |
| 001 |
vtls009008665 |
| 003 |
SK-MaSNL |
| 005 |
20260303065527.0 |
| 008 |
140512c2007 xo dr|p|||||||000 b|slo |
| 015 |
|
|
|a SNBRB2007/07
|2 snkbucl
|
| 038 |
|
|
|a SNKBUCL
|
| 040 |
|
|
|a SNKBUCL
|b slo
|c SNKBUCL
|e AACR2
|
| 041 |
|
|
|a slo
|
| 044 |
|
|
|a xo
|c SK
|
| 080 |
|
|
|a 791.079
|x (437.3)
|2 2001
|
| 100 |
1 |
|
|a Ulman, Miro,
|d 1959-
|4 aut
|9 104055
|
| 245 |
1 |
0 |
|a Rumunský (a náš malý) zázrak
|c Miro Ulman
|
| 300 |
|
|
|b Fotogr.
|
| 500 |
|
|
|a Od 15.1.2007 návrat k pôvodnému vročeniu
|
| 611 |
2 |
7 |
|a Medzinárodný filmový festival
|n (42. :
|d 2007 :
|c Karlove Vary, Česko)
|2 snkbucl
|9 1033493
|
| 773 |
0 |
|
|t Sme
|g Roč. 15, č. 153 (4.7.2007)
|x 1335-440X
|
| 773 |
0 |
8 |
|t Kultúra
|g S. 22
|
| 852 |
|
|
|a SNK
|b KIS3GCP
|
| 958 |
|
|
|a CZ
|
| 999 |
|
|
|c 1751566
|d 1753496
|